Statistics for ULTIMATE STAR WARS QUIZ

Click here to take the quiz!

General Stats

  • This quiz has been taken 45 times
  • The average score is 9 of 15

Answer Stats

QuestionAnswer% Correct
What species is Greedo?Rodian
95%
What colour is Aayla Secura's lightsaberBlue
88%
Who was Qui-Gon Jinn's master?Count Dooku
88%
What was Finn's Stormtrooper number?FN-2187
78%
Which planet does Kanan Jarrus die on?Lothal
75%
Which character is NOT included in Star Wars Battlefront II (2017)?Ahsoka Tano
65%
Where was Princess Leia born?Polis Massa
65%
On which planet did Anakin Skywalker become Darth Vader?Coruscant
60%
What planet did Plo Koon die on?Cato Neimoidia
58%
Who was the one member of Inferno Squad who remained loyal to the Empire?Agent Hask
55%
What year did Disney buy the rights to Star Wars?2012
45%
Which clan is Din Grogu in?Clan Mudhorn
45%
In LEGO Star Wars: The Skywalker Saga, what does Mace Windu give to Anakin when he leaves to fight Chancellor Palpatine?A colouring book
43%
What was Revan when he died?Jedi
33%
Why was DJ in a jail cell in The Last Jedi?So that he could sleep in peace
18%

Score Distribution

Percentile by Number Answered

Percent of People with Each Score

Your Score History

You have not taken this quiz